| 000 | 00449nam a22001697a 4500 | ||
|---|---|---|---|
| 003 | NUST - PNEC | ||
| 005 | 20170116181135.0 | ||
| 008 | 151007b xxu||||| |||| 00| 0 eng d | ||
| 020 | _a1842124420 | ||
| 040 | _cLIBRARY | ||
| 082 | _a914.961031 INA | ||
| 100 |
_914250 _aInalcık, Halil |
||
| 245 |
_aThe Ottoman Empire : the classical age, 1300-1600. _cHalil Inacik |
||
| 260 | _cc.1973 | ||
| 650 |
_914252 _aTurkey _xGeneral |
||
| 942 |
_2ddc _cBK |
||
| 999 |
_c70198 _d70198 |
||